000 00474nam a2200181Ia 4500
008 090124s9999 xx 000 0 und d
082 _b118779
100 _aजोंधळे महावीर
245 _a झुंबर
250 _a1
260 _c1979
300 _a142
600 _aजोंधळे महावीर
630 _a झुंबर
700 _aजोंधळे महावीर
730 _a झुंबर
942 _cBOOK
999 _c164865
_d164865